书目信息 |
| 题名: |
创意家居客厅造价与材料注释系列
|
|
| 作者: | ;理想宅编辑部 编 | |
| 分册: | 玄关·过道·阳台 | |
| 出版信息: | 福州 福建科学技术出版社 2013 |
|
| 页数: | 140页 | |
| 开本: | 19×21cm | |
| 丛书名: | ||
| 单 册: | ||
| 中图分类: | TU241.041-64 | |
| 科图分类: | ||
| 主题词: | 住宅--客厅--室内装饰设计--图集 , 住宅--阳台--室内装饰设计--图集 , 住宅 , 住宅--门厅--室内装饰设计--图集 , 室内装饰设计 , 门厅 , 阳台 , 客厅 | |
| 电子资源: | ||
| ISBN: | 978-7-5335-4337-2 | |
| 000 | 01042nam0 2200301 450 | |
| 001 | 142190 | |
| 005 | 20141220120655.31 | |
| 010 | @a978-7-5335-4337-2@dCNY 29.80 | |
| 100 | @a20130820d2013 em y0chiy50 ea | |
| 101 | 0 | @achi |
| 102 | @aCN@b350000 | |
| 105 | @aa z 000yy | |
| 200 | 1 | @a创意家居客厅造价与材料注释系列@9chuang yi jia ju ke ting zao jia yu cai liao zhu shi xi lie@i玄关·过道·阳台@b专著@f理想·宅编 |
| 210 | @a福州@c福建科学技术出版社@d2013 | |
| 215 | @a140页@d19×21cm | |
| 330 | @a本书以客厅空间的玄关、过道、阳台为主要内容,加入了具有针对性的小知识,意图让没有任何装修经验的读者也能够懂,使客厅的整体装饰效果更为完美。 | |
| 606 | 0 | @a住宅@x客厅@x室内装饰设计@j图集 |
| 606 | 0 | @a住宅@x阳台@x室内装饰设计@j图集 |
| 606 | 0 | @a住宅 |
| 606 | 0 | @a住宅@x门厅@x室内装饰设计@j图集 |
| 606 | 0 | @a室内装饰设计 |
| 606 | 0 | @a门厅 |
| 606 | 0 | @a阳台 |
| 606 | 0 | @a客厅 |
| 690 | @aTU241.041-64@v5 | |
| 711 | 02 | @a理想宅编辑部@9li xiang zhai bian ji bu@4编 |
| 801 | 0 | @c20141220 |
| 905 | @a241430@dTU241.041-64@eL3542 | |
| 创意家居客厅造价与材料注释系列.玄关·过道·阳台/理想·宅编.-福州:福建科学技术出版社,2013 |
| 140页;19×21cm |
| ISBN 978-7-5335-4337-2:CNY 29.80 |
| 本书以客厅空间的玄关、过道、阳台为主要内容,加入了具有针对性的小知识,意图让没有任何装修经验的读者也能够懂,使客厅的整体装饰效果更为完美。 |
| ● |
| 相关链接 |
|
|
|
正题名:创意家居客厅造价与材料注释系列
索取号:TU241.041-64/L3542
 
预约/预借
| 序号 | 登录号 | 条形码 | 馆藏地/架位号 | 状态 | 备注 |
| 1 | 1134184 | 211341840 | 建筑库101/101建筑库 64排3列3层/ [索取号:TU241.041-64/L3542] | 在馆 | |
| 2 | 1134185 | 211341859 | 建筑库101/101建筑库 64排3列3层/ [索取号:TU241.041-64/L3542] | 在馆 | |
| 3 | 1134186 | 211341868 | 建筑库101/101建筑库 64排3列3层/ [索取号:TU241.041-64/L3542] | 在馆 |